Aves de Cundinamarca / (Registro nro. 1252)
[ vista simple ]
| 000 -CABECERA | |
|---|---|
| Campo de control | 00945cam a2200265 i 4500 |
| 005 - FECHA Y HORA DE LA ULTIMA TRANSACCION | |
| Campo de control | 20191224041557.0 |
| 008 - ELEMENTOS DE LONGITUD FIJA—INFORMACION GENERAL | |
| Campo de control | 000431s19690000ck a r 0 spa d |
| 015 ## - NATIONAL BIBLIOGRAPHY NUMBER | |
| National bibliography number | SSS |
| 040 ## - FUENTE DE CATALOGACIÓN | |
| Agencia catalogadora original | CO-BoPUJ |
| Agencia transcriptora | CO-BoIAVH |
| Agencia Modificadora | CO-BoIAVH |
| 041 ## - IDIOMA | |
| Código de idioma para texto/pista de sonido o título separado | Español |
| 044 ## - PAÍS DE PUBLICACIÓN | |
| País de publicación | Colombia |
| 082 04 - NUMERO DE CLASIFICACION DECIMAL DEWEY | |
| Número de clasificación | 598.09861 |
| Número del ítem | O48a2 |
| 100 1# - ASIENTO PRINCIPAL--NOMBRE PERSONAL | |
| Nombre personal | Olivares, Antonio |
| 9 (RLIN) | 11486 |
| 245 10 - MENCION DE TITULO | |
| Título | Aves de Cundinamarca / |
| Mención de responsabilidad | Antonio Olivares. |
| 260 ## - PUBLICACION, DISTRIBUCION, ETC. (PIE DE IMPRENTA) | |
| Lugar de publicación, distribución, etc. | Bogotá : |
| Nombre del editor, distribuidor, etc. | Universidad Nacional de Colombia , |
| Fecha de publicación, distribución, etc. | 1969. |
| 300 ## - DESCRIPCION FISICA | |
| Extensión | xxxvi, 425 páginas ; |
| Dimensiones | 24 cm. |
| 500 ## - NOTA GENERAL | |
| Nota general | Incluye índice. |
| 590 ## - NOTA LOCAL | |
| Nota local | Incluye bibliografia Ornitologica de Cundinamarca |
| 650 14 - ASIENTO SECUNDARIO DE MATERIA - TERMINO TEMATICO | |
| Término temático o nombre geográfico como elemento de entrada | Aves |
| Subdivisión general | Identificación |
| Subdivisión geográfica | Cundinamarca (Colombia) |
| 9 (RLIN) | 50994 |
| 650 24 - ASIENTO SECUNDARIO DE MATERIA - TERMINO TEMATICO | |
| Término temático o nombre geográfico como elemento de entrada | Aves |
| Subdivisión general | Clasificación |
| Subdivisión geográfica | Cundinamarca (Colombia) |
| 9 (RLIN) | 50995 |
| 650 24 - ASIENTO SECUNDARIO DE MATERIA - TERMINO TEMATICO | |
| Término temático o nombre geográfico como elemento de entrada | Ornitología |
| 9 (RLIN) | 50996 |
| 710 2# - ASIENTO SECUNDARIO - NOMBRE CORPORATIVO | |
| Nombre corporativo o de jurisdicción como elemento de entrada | Universidad Nacional de Colombia. Bogota. Facultad de Ciencias |
| 9 (RLIN) | 47045 |
| 710 2# - ASIENTO SECUNDARIO - NOMBRE CORPORATIVO | |
| Nombre corporativo o de jurisdicción como elemento de entrada | Instituto de Ciencias Naturales. Bogota |
| 9 (RLIN) | 47046 |
| 942 ## - ELEMENTOS ADICIONALES (KOHA) | |
| Sistema de clasificación | Dewey Decimal Classification |
| Tipo de ítem | Libro |
| Withdrawn status | Lost status | Sistema de Clasificación | Damaged status | No para préstamo | Colección | Inventariado | Ubicación Permanente | Ubicación actual | Fecha de adquisición | Fuente de Valor | Total Checkouts | Número topográfico | Inventario / Código de Barras | Date last seen | Ejemplar | Price effective from | Forma de adquisición | Tipo de material | Date checked out |
|---|---|---|---|---|---|---|---|---|---|---|---|---|---|---|---|---|---|---|---|
| Dewey Decimal Classification | General | Inventariado 2017 | Bogotá | Bogotá | 25/06/2002 | Instituto | 1 | LB-598.09861 O48a2 | 001686 | 07/05/2018 | Ej. 1 | 04/12/2012 | Libro | 03/05/2018 | |||||
| Dewey Decimal Classification | General | Inventariado 2017 | Sala Fabio Quevedo | Sala Fabio Quevedo | 26/04/1999 | Instituto | LB-598.09861 O48a2 | 001685 | 04/12/2012 | Ej. 2 | 04/12/2012 | Compra | Libro | ||||||
| Local | General | Villa de Leyva | Villa de Leyva | 14/09/2004 | Echeverry,María A. | LB-01242 | 016654 | 04/12/2012 | Ej. 3 | 04/12/2012 | Libro |